| 000 | 01391cam a2200397 a 4500 | ||
|---|---|---|---|
| 001 | 2958500 | ||
| 005 | 20260119155141.0 | ||
| 008 | 910129s1991 ncua 001 0 eng | ||
| 010 | _a 91000387 | ||
| 020 |
_a0940087677 : _c$24.95 |
||
| 020 | _a9780940087675 | ||
| 035 | _a2958500 | ||
| 035 | _a(DLC) 91000387 | ||
| 040 |
_aDLC _cDLC _dDLC |
||
| 050 | 0 | 0 |
_aT385 _b.H373 1991 |
| 082 | 0 | 0 |
_a620.0042 HEA'A _220 |
| 100 | 1 |
_aHead, George O., _d1945- _9132823 |
|
| 110 |
_aCharles A. Pietra, Kenneth J.L. Segal. _9132829 |
||
| 245 | 1 | 4 |
_aThe AutoCAD 3D book / _cGeorge O. Head, Charles A. Pietra, Kenneth J.L. Segal. |
| 250 | _a2nd ed. | ||
| 260 |
_aChapel Hill, NC : _bVentana Press, _cc1991. |
||
| 300 |
_axxxvii, 318 p. : _bill. ; _c24 cm. |
||
| 336 |
_atext _btxt _2rdacontent |
||
| 337 |
_aunmediated _bn _2rdamedia |
||
| 338 |
_avolume _bnc _2rdacarrier |
||
| 440 | 4 |
_aThe AutoCAD reference library _9132830 |
|
| 500 | _a"For releases 10 and 11"--Cover. | ||
| 500 | _aIncludes index. | ||
| 630 | 0 | 0 |
_aAutoCAD. _96344 |
| 700 | 1 |
_aPietra, Charles A. _9132831 |
|
| 700 | 1 |
_aSegal, Kenneth J. L. _9132832 |
|
| 906 |
_a7 _bcbc _corignew _d1 _eocip _f19 _gy-gencatlg |
||
| 942 |
_2ddc _cBK |
||
| 999 |
_c615860 _d615860 |
||